Pretty Hard Halo Quiz - Statistics

General Stats
  • This quiz has been taken 23 times
  • The average score is 12 of 50
Answer Stats
Question Answer % Correct
Who was Captain Keyes’ body used to form? The Gravemind
79%
In what year does the gaming side of the Halo universe start off in? 2552
74%
What is Sergeant Johnson’s first name? Avery
74%
What city are the missions Outskirts and Metropolis set in in Halo 2? New Mombasa
74%
What is the name of the smaller faster Wraith-type vehicle in Halo: Reach? Revenant
58%
What was the mag capacity of the Assault Rifle in Halo 5 and Infinite? 36
53%
Who is revealed to be alive at the end of Halo: Infinite? Atriox
47%
What is the name of Miranda Keyes’ frigate? In Amber Clad
47%
What was the first Halo game that was released specifically for Windows phones? Halo: Spartan Assault
42%
The Flood was a parasite that was created from the remains of what species that the Forerunners fought before? The Precursors
42%
What was the only Halo CE weapon that wasn’t in campaign? Flamethrower
37%
What was the name of the Halo book that was released a few months before CE? Halo: The Fall of Reach
37%
In Halo CE, what was the other version of the Warthog? Rocket Warthog
37%
The Gungoose was first introduced in which Halo game? Halo 2: Anniversary
32%
What was the Halo arcade game that was first played in a Dave and Busters? Halo: Fireteam Raven
32%
What was the name of the Shipmaster’s super carrier in Halo 3? Shadow of Intent
32%
In which other Xbox exclusive could you play as Emile and Kat from Halo: Reach? Gears 5
26%
In Halo 2 on The Great Journey, you are able to duplicate Sgt. Johnson with a glitch using what vehicle? Spectre
26%
What is the title given to the highest ranking Forerunner builder, and strongest in terms of intelligence, wealth, and political power? The Master Builder
26%
What was the name of Tartarus’ Gravity Hammer in Halo 2? Fist of Rukt
21%
What is written on the Warthog tires in Halo 3? Puma
21%
What does SAW stand for? Squad Automatic Weapon
21%
What was the name of the UNSC sidearm in Halo 3: ODST? Automag
16%
What physics engine did Halo 2 and onward use? Havoc
16%
What did Cortana use to upgrade Master Chief’s suit in between Halo 3 and Halo 4? Nanobots
16%
…the hidden Sniper Rifle on Unconfirmed?… Nornfang
16%
Who is the general manager of 343 Industries? Bonnie Ross
11%
Who was the voice actor for Captain Del Rio? Mark Rolston
11%
What was the name of Halo 5’s remake of the Halo 4 multiplayer map Haven? Mercy
11%
What was the name of The Arbiter’s Energy Sword in Halo 5? Prophet’s Bane
11%
Who was Olympia Vale’s armour inspired by? Samus Aran
11%
What title did Jul M’dama have? The Didact’s Hand
11%
…the hidden Shotgun on Blue Team?… Blaze of Glory
5%
…the hidden Scattershot on The Breaking?… Didact’s Signet
5%
What was the very first Forge map called? Example
5%
What is the name of the song that plays during the hangar section of the mission Composer in Halo 4? Faithless
5%
For MCC, 343I changed the “Destiny Awaits” signs in Halo 3: ODST to what? For Her
5%
What is the name of the custom multiplayer mode where there is a tank shooting smaller vehicles jumping between platforms? Frogger
5%
…the hidden Fuel Rod Cannon on Genesis?… Light of Urs
5%
…the hidden Scattershot on Osiris?… Loathsome Thing
5%
In Halo 5, what is the name of the hidden Boltshot on Osiris?… Open Hand
5%
…the hidden Fuel Rod Cannon on Reunion?… Pool of Radiance
5%
…the hidden Incineration Cannon on Reunion?… River of Light
5%
…the hidden Plasma Pistol on Genesis?… Spitfire
5%
…the hidden Needler on Reunion?… Talon of the Lost
5%
…the hidden SAW on Genesis?… The Answer
5%
What was the name of the original Spartan program? The Orien Project
5%
…the hidden Binary Rifle on Reunion and Guardians?… Twin Jewels of Maethrillian
5%
…and the hidden Energy Sword on Guardians? Vorpal Talon
5%
…the hidden Plasma Caster on Guardians?… White Scar
5%
No matching quizzes found
Score Distribution
Percent of People with Each Score
Percentile by Number Answered
Your Score History
You have not taken this quiz